000 00884cam a22002893a 4500
001 5182
003 PGUSA
005 20140828083114.0
008 040201s2004||||xxu|||||s|||||000 1 eng d
040 _aPGUSA
_beng
042 _adc
050 4 _aPR
100 1 _aReeve, Clara,
_d1729-1807
245 1 4 _aThe Old English Baron :
_ba Gothic Story
_h[electronic resource] /
_cClara Reeve
260 _bProject Gutenberg,
_c2004
506 _aPublic domain in the USA.
516 _aElectronic text
653 _aEngland -- Fiction
653 _aNobility -- Fiction
653 _aHistorical fiction
653 _aGothic fiction (Literary genre)
653 _aGreat Britain -- History -- Henry VI, 1422-1461 -- Fiction
653 _aInheritance and succession -- Fiction
830 0 _aProject Gutenberg
_v5182
856 4 0 _uhttp://www.gutenberg.org/ebooks/5182
942 _cEB
999 _c234511
_d234511